[Event "VL 2016/17"]
[Site "Mecklenburg/Vorpommern"]
[Date "2017.01.07"]
[Round "4.6"]
[White "Onasch, Paul"]
[Black "Streit, Bodo"]
[Result "1/2-1/2"]
[WhiteElo "1943"]
[BlackElo "1766"]
[PlyCount "49"]
[EventType "team-tourn"]
[EventRounds "9"]
[SourceDate "2016.10.16"]
[WhiteTeam "SAV Torgelow"]
[BlackTeam "Grevesmuehlen "]

1. d4 d5 2. Nf3 Nf6 3. e3 Bf5 4. Bd3 Bg6 5. O-O e6 6. Qe2 Bh5 7. Nbd2 Bb4 8. c3
Bd6 9. e4 Bf4 10. e5 Ng4 11. g3 Bxd2 12. Nxd2 Nf6 13. f3 Ng8 14. Nb3 Bg6 15.
Be3 Nd7 16. Na5 Bxd3 17. Qxd3 Rb8 18. b4 Ne7 19. Bg5 h6 20. Bxe7 Qxe7 21. f4 g6
22. Rf3 h5 23. Rc1 Nb6 24. Qe2 c6 25. Kh1 1/2-1/2

[Event "VL 2016/17"]
[Site "Mecklenburg/Vorpommern"]
[Date "2017.01.07"]
[Round "4.7"]
[White "Haase, Sebastian"]
[Black "Kasel, Alexander"]
[Result "1/2-1/2"]
[WhiteElo "1726"]
[BlackElo "1707"]
[PlyCount "106"]
[EventType "team-tourn"]
[EventRounds "9"]
[SourceDate "2016.10.16"]
[WhiteTeam "Grevesmuehlen "]
[BlackTeam "SAV Torgelow"]

1. d4 Nf6 2. Bf4 e6 3. Nf3 c5 4. e3 cxd4 5. exd4 Be7 6. Bd3 b6 7. c3 Bb7 8.
Nbd2 d6 9. Qe2 Nbd7 10. h3 h6 11. O-O O-O 12. Rfe1 Re8 13. Ne4 Nxe4 14. Bxe4
Bxe4 15. Qxe4 Nf6 16. Qe3 Nd5 17. Qd2 Nxf4 18. Qxf4 Qd7 19. Rac1 Qb5 20. Rc2
Rac8 21. b3 Qd3 22. Rec1 Qa6 23. c4 Qb7 24. b4 e5 25. dxe5 dxe5 26. Qxe5 Bg5
27. Qf5 Bxc1 28. Rxc1 Qa6 29. Ne5 Rc7 30. Rc2 Qc8 31. Qxc8 Rcxc8 32. Nf3 Re4
33. Nd2 Rd4 34. a3 Rd3 35. c5 Rxa3 36. cxb6 Rb8 37. bxa7 Rxa7 38. Rb2 Rab7 39.
g3 Rxb4 40. Rxb4 Rxb4 41. Kg2 g6 42. Nf3 f6 43. Ne1 Kf7 44. Nf3 Ke6 45. Ne1 h5
46. Nd3 Rd4 47. Nf4+ Rxf4 48. gxf4 h4 49. Kf3 f5 50. Ke3 Kd6 51. Kd4 Ke6 52.
Kc5 Ke7 53. Kc6 Ke6 1/2-1/2

[Event "VL 2016/17"]
[Site "Mecklenburg/Vorpommern"]
[Date "2017.01.07"]
[Round "4.8"]
[White "Troemer, Felix"]
[Black "Barth, Richard"]
[Result "1-0"]
[WhiteElo "1632"]
[BlackElo "1345"]
[PlyCount "109"]
[EventType "team-tourn"]
[EventRounds "9"]
[SourceDate "2016.10.16"]
[WhiteTeam "SAV Torgelow"]
[BlackTeam "Grevesmuehlen "]

1. e4 c5 2. Nf3 a6 3. c3 e6 4. d4 d5 5. exd5 exd5 6. Be2 Bd6 7. Be3 Qc7 8. dxc5
Bxc5 9. Qxd5 Bxe3 10. Qe4+ Qe7 11. Qxe3 Qxe3 12. fxe3 Nf6 13. Nbd2 b5 14. h3
Ra7 15. Kf2 Re7 16. Rhe1 Ne4+ 17. Nxe4 Rxe4 18. Bd3 Re7 19. a4 bxa4 20. Rxa4
O-O 21. Re2 Bb7 22. Ra3 Bxf3 23. gxf3 Re6 24. b4 Rd8 25. Be4 g6 26. c4 Rb6 27.
Ra4 Rf6 28. Bd5 Nd7 29. Rea2 Nb8 30. e4 g5 31. c5 Rh6 32. Kg3 Kg7 33. Bb7 Rd4
34. Bxa6 Nxa6 35. Rxa6 Rxb4 36. Rxh6 Kxh6 37. Rc2 Rb8 38. c6 Rc8 39. c7 Kg6 40.
Rc5 h5 41. h4 f6 42. hxg5 fxg5 43. f4 h4+ 44. Kg4 gxf4 45. Kxh4 f3 46. Kg3 f2
47. Kxf2 Kf6 48. Kf3 Ke6 49. Ke3 Kd6 50. Kd4 Rxc7 51. Rxc7 Kxc7 52. Ke5 Kd7 53.
Kf6 Ke8 54. Ke6 Kd8 55. Kf7 1-0

[Event "VL 2016/17"]
[Site "Mecklenburg/Vorpommern"]
[Date "2017.01.15"]
[Round "5.1"]
[White "Littke, Helmut"]
[Black "Mehl, Ronald"]
[Result "1/2-1/2"]
[WhiteElo "1967"]
[BlackElo "2054"]
[PlyCount "20"]
[EventType "team-tourn"]
[EventRounds "9"]
[SourceDate "2016.10.16"]
[WhiteTeam "ASV Wismar"]
[BlackTeam "FHSG Stralsund"]

1. d4 d5 2. c4 c6 3. Nc3 Nf6 4. Nf3 e6 5. Bg5 Nbd7 6. e3 Be7 7. Bd3 O-O 8. O-O
h6 9. Bh4 Re8 10. Rc1 a6 1/2-1/2

[Event "VL 2016/17"]
[Site "Mecklenburg/Vorpommern"]
[Date "2017.01.15"]
[Round "5.3"]
[White "Stutz, Reno"]
[Black "Glawe, Hartmut"]
[Result "0-1"]
[WhiteElo "1951"]
[BlackElo "1939"]
[PlyCount "56"]
[EventType "team-tourn"]
[EventRounds "9"]
[SourceDate "2016.10.16"]
[WhiteTeam "ASV Wismar"]
[BlackTeam "FHSG Stralsund"]

1. e4 c5 2. c3 Nf6 3. e5 Nd5 4. d4 e6 5. Nf3 a6 6. Bd3 d6 7. O-O cxd4 8. cxd4
dxe5 9. dxe5 Bd7 10. Qe2 Qc7 11. Bg5 h6 12. Bd2 Nc6 13. Nc3 Nxc3 14. Bxc3 Nb4
15. Bxb4 Bxb4 16. Rac1 Qb6 17. Rfd1 Rd8 18. Nh4 Bc6 19. Qg4 g5 20. Nf3 Be7 21.
b3 h5 22. Qg3 g4 23. Nd2 h4 24. Nc4 hxg3 25. Nxb6 Rxh2 26. Rxc6 bxc6 27. fxg3
Bc5+ 28. Kxh2 Ke7 0-1

[Event "VL 2016/17"]
[Site "Mecklenburg/Vorpommern"]
[Date "2017.01.15"]
[Round "5.4"]
[White "Kohn, Andreas"]
[Black "Schulz, Bernd"]
[Result "1/2-1/2"]
[WhiteElo "1917"]
[BlackElo "1875"]
[PlyCount "34"]
[EventType "team-tourn"]
[EventRounds "9"]
[SourceDate "2016.10.16"]
[WhiteTeam "FHSG Stralsund"]
[BlackTeam "ASV Wismar"]

1. e4 e5 2. d4 exd4 3. c3 Qe7 4. Qxd4 Nc6 5. Qe3 Nf6 6. Bd3 d5 7. exd5 Qxe3+ 8.
Bxe3 Nxd5 9. Bd2 Bd7 10. Nf3 O-O-O 11. O-O f6 12. Be4 Be8 13. Re1 Bg6 14. Nd4
Nxd4 15. cxd4 Bxe4 16. Rxe4 Nb4 17. Bxb4 Bxb4 1/2-1/2

[Event "VL 2016/17"]
[Site "Mecklenburg/Vorpommern"]
[Date "2017.01.15"]
[Round "5.5"]
[White "Podolskiy, Alexander"]
[Black "Paulowitz, Bernd Rainer"]
[Result "1/2-1/2"]
[WhiteElo "1871"]
[BlackElo "1892"]
[PlyCount "41"]
[EventType "team-tourn"]
[EventRounds "9"]
[SourceDate "2016.10.16"]
[WhiteTeam "ASV Wismar"]
[BlackTeam "FHSG Stralsund"]

1. e4 c5 2. Nf3 Nc6 3. d4 cxd4 4. Nxd4 d6 5. Nc3 Nf6 6. Be2 a6 7. Be3 e6 8. Qd2
Be7 9. O-O-O Qc7 10. f4 Bd7 11. g4 Nxd4 12. Bxd4 Bc6 13. Qe3 O-O 14. Rhg1 b5
15. e5 Nd5 16. Nxd5 Bxd5 17. Kb1 Rac8 18. Bd3 dxe5 19. Qxe5 Qxe5 20. Bxe5 f6
21. Bd4 1/2-1/2

[Event "VL 2016/17"]
[Site "Mecklenburg/Vorpommern"]
[Date "2017.01.15"]
[Round "5.6"]
[White "Kohn, Thomas"]
[Black "Junggebauer, Thomas"]
[Result "1/2-1/2"]
[WhiteElo "1857"]
[BlackElo "1849"]
[PlyCount "78"]
[EventType "team-tourn"]
[EventRounds "9"]
[SourceDate "2016.10.16"]
[WhiteTeam "FHSG Stralsund"]
[BlackTeam "ASV Wismar"]

1. Nf3 c5 2. g3 Nc6 3. Bg2 Nf6 4. c4 d6 5. Nc3 Bg4 6. O-O e6 7. Qa4 Qd7 8. e3
Be7 9. d4 Bxf3 10. Bxf3 cxd4 11. Bxc6 bxc6 12. exd4 O-O 13. Bg5 h6 14. Bxf6
Bxf6 15. Rad1 d5 16. c5 Qb7 17. Qc2 Qb4 18. a3 Qa5 19. Qc1 Rab8 20. b4 Qa6 21.
Rfe1 Rb7 22. Nb1 Qa4 23. Nc3 Qb3 24. Re3 Qc4 25. Ne4 Qxc1 26. Nxf6+ gxf6 27.
Rxc1 Re8 28. f4 Kg7 29. Rce1 f5 30. Kf2 h5 31. h3 Rh8 32. Rb3 Kf6 33. Reb1 Rhb8
34. a4 a6 35. Kf3 Ke7 36. g4 hxg4+ 37. hxg4 fxg4+ 38. Kxg4 Rg8+ 39. Kf3 Rgb8
1/2-1/2

[Event "VL 2016/17"]
[Site "Mecklenburg/Vorpommern"]
[Date "2017.01.15"]
[Round "5.7"]
[White "Borchert, Ulf"]
[Black "Klepin, Wilfried"]
[Result "1-0"]
[WhiteElo "1830"]
[BlackElo "1831"]
[PlyCount "75"]
[EventType "team-tourn"]
[EventRounds "9"]
[SourceDate "2016.10.16"]
[WhiteTeam "ASV Wismar"]
[BlackTeam "FHSG Stralsund"]

1. d4 d5 2. Nf3 c6 3. c3 Bf5 4. Bf4 e6 5. e3 Bd6 6. Bd3 Bxd3 7. Qxd3 f5 8. Nbd2
Nf6 9. Bxd6 Qxd6 10. Ne5 O-O 11. f4 Ne4 12. Nxe4 fxe4 13. Qe2 Nd7 14. Nxd7 Qxd7
15. O-O Qe7 16. Qg4 Rf6 17. h4 Rg6 18. Qh3 h5 19. Kh2 Rg4 20. g3 g6 21. Qg2 c5
22. Qe2 Rc8 23. Rfc1 Rf8 24. a4 a6 25. Ra3 c4 26. a5 Rc8 27. Ra4 Rc6 28. Rb4
Qc7 29. Ra1 Kf8 30. Rba4 Qe7 31. R4a3 Qc7 32. Rb1 Qe7 33. b4 b5 34. axb6 Rxb6
35. Rba1 Rb7 36. Rxa6 Kf7 37. Kh3 Qd7 38. Qa2 1-0

[Event "VL 2016/17"]
[Site "Mecklenburg/Vorpommern"]
[Date "2017.01.15"]
[Round "5.8"]
[White "Giese, Lothar"]
[Black "Bahr, Enrico"]
[Result "0-1"]
[WhiteElo "1795"]
[BlackElo "1827"]
[PlyCount "112"]
[EventType "team-tourn"]
[EventRounds "9"]
[SourceDate "2016.10.16"]
[WhiteTeam "FHSG Stralsund"]
[BlackTeam "ASV Wismar"]

1. c4 Nf6 2. Nc3 g6 3. e4 d6 4. d4 Bg7 5. Be2 Nbd7 6. Nf3 O-O 7. h3 e5 8. d5 a6
9. Be3 b6 10. Qd2 Nc5 11. Qc2 Nh5 12. b4 Nb7 13. O-O f5 14. Nh2 Qh4 15. Nf3 Qf6
16. Nh2 Nf4 17. Bxf4 exf4 18. Rac1 Qxc3 19. Qxc3 Bxc3 20. Rxc3 fxe4 21. Re1 a5
22. a3 Re8 23. Bd1 axb4 24. axb4 Ra1 25. Kf1 Bf5 26. Nf3 Rea8 27. Nd4 Rb1 28.
Bc2 Rxe1+ 29. Kxe1 Ra1+ 30. Kd2 Ra2 31. Kc1 Ra1+ 32. Kd2 Rf1 33. g4 fxg3 34.
Nxf5 g2 35. Rg3 g1=Q 36. Rxg1 Rxg1 37. Ne3 Rh1 38. Bxe4 Rxh3 39. Kc3 Kf7 40.
Kd4 h5 41. Ng2 g5 42. f3 Rh2 43. Ne3 h4 44. Bf5 Rb2 45. Kc3 Rf2 46. Be6+ Kg7
47. Bg4 h3 48. Bxh3 Rxf3 49. Bc8 Rxe3+ 50. Kd2 Re5 51. Bxb7 g4 52. Bc8 g3 53.
Bh3 Kf6 54. Bg2 Rf5 55. Ke3 Ke5 56. Bh3 Rf4 0-1

[Event "VL 2016/17"]
[Site "Mecklenburg/Vorpommern"]
[Date "2017.01.15"]
[Round "5.1"]
[White "Montag, Ralf"]
[Black "Schinke, Andreas"]
[Result "1/2-1/2"]
[WhiteElo "1918"]
[BlackElo "2034"]
[PlyCount "33"]
[EventType "team-tourn"]
[EventRounds "9"]
[SourceDate "2016.10.16"]
[WhiteTeam "VT Ludwigslust"]
[BlackTeam "Grevesmuehlen "]

1. e4 e5 2. d4 exd4 3. Qxd4 Nc6 4. Qe3 Nf6 5. Nc3 Bb4 6. Bd2 O-O 7. O-O-O Re8
8. Bc4 d6 9. Nge2 Be6 10. Bxe6 Rxe6 11. Nf4 Re8 12. Ncd5 Nxd5 13. Nxd5 Bxd2+
14. Rxd2 a5 15. f3 Nb4 16. Qb3 Nxd5 17. Qxd5 1/2-1/2

[Event "VL 2016/17"]
[Site "Mecklenburg/Vorpommern"]
[Date "2017.01.15"]
[Round "5.2"]
[White "Naujok, Joerg"]
[Black "Wiemer, Juergen"]
[Result "1-0"]
[WhiteElo "1979"]
[BlackElo "1952"]
[PlyCount "93"]
[EventType "team-tourn"]
[EventRounds "9"]
[SourceDate "2016.10.16"]
[WhiteTeam "Grevesmuehlen "]
[BlackTeam "VT Ludwigslust"]

1. Nf3 Nf6 2. g3 b6 3. Bg2 Bb7 4. O-O e6 5. d3 Be7 6. e4 d5 7. e5 Nfd7 8. Re1
c5 9. h4 h6 10. Nbd2 Na6 11. Nf1 Qc7 12. Bf4 O-O-O 13. c3 Rdg8 14. Qd2 Qd8 15.
d4 g5 16. hxg5 hxg5 17. Be3 Nc7 18. b4 c4 19. a4 a6 20. g4 Qf8 21. Ng3 Qh6 22.
Kf1 Qg6 23. Ke2 f5 24. exf6 Bxf6 25. Rh1 Ne8 26. Rxh8 Rxh8 27. Bxg5 Nd6 28.
Bxf6 Nxf6 29. Ne5 Qe8 30. f3 Rh7 31. Kf2 Qh8 32. Rh1 Rxh1 33. Bxh1 Kc7 34. Bg2
Bc6 35. Nxc6 Kxc6 36. Qe1 Qg8 37. Qe5 Nd7 38. Qh5 Nf6 39. Qh6 Qf7 40. Ke2 Ng8
41. Qg5 Ne7 42. Qe3 Qg6 43. Nh5 Qc2+ 44. Kf1 Qd3+ 45. Kf2 Qc2+ 46. Kg1 Nec8 47.
Nf6 1-0

[Event "VL 2016/17"]
[Site "Mecklenburg/Vorpommern"]
[Date "2017.01.15"]
[Round "5.3"]
[White "Illgen, Alexander"]
[Black "Boehme, Andy"]
[Result "1/2-1/2"]
[WhiteElo "1894"]
[BlackElo "1992"]
[PlyCount "50"]
[EventType "team-tourn"]
[EventRounds "9"]
[SourceDate "2016.10.16"]
[WhiteTeam "VT Ludwigslust"]
[BlackTeam "Grevesmuehlen "]

1. d4 Nf6 2. c4 e6 3. Nc3 Bb4 4. Nf3 Nc6 5. Qc2 d6 6. Bd2 Bxc3 7. Bxc3 Qe7 8.
e4 e5 9. dxe5 dxe5 10. Be2 O-O 11. O-O Bg4 12. a3 a5 13. Rab1 a4 14. Rbd1 Rfe8
15. Ne1 Bxe2 16. Qxe2 Nd4 17. Bxd4 exd4 18. Rxd4 c5 19. Rd3 Qxe4 20. Re3 Qc6
21. Nc2 Rxe3 22. Nxe3 Re8 23. Rd1 Qe4 24. h3 Qe5 25. Qc2 Kf8 1/2-1/2

[Event "VL 2016/17"]
[Site "Mecklenburg/Vorpommern"]
[Date "2017.01.15"]
[Round "5.4"]
[White "Stiegler, Maik"]
[Black "Krueger, Horst"]
[Result "1/2-1/2"]
[WhiteElo "1930"]
[BlackElo "1884"]
[PlyCount "98"]
[EventType "team-tourn"]
[EventRounds "9"]
[SourceDate "2016.10.16"]
[WhiteTeam "Grevesmuehlen "]
[BlackTeam "VT Ludwigslust"]

1. d4 d5 2. c4 c6 3. Nc3 Nf6 4. Nf3 e6 5. Bg5 Be7 6. e3 h6 7. Bh4 O-O 8. Rc1
Nbd7 9. Bd3 dxc4 10. Bxc4 b5 11. Bd3 Bb7 12. O-O Rc8 13. a3 a5 14. h3 Nb6 15.
Ne5 b4 16. axb4 axb4 17. Ne4 Nbd7 18. Nc4 Nxe4 19. Bxe7 Qxe7 20. Bxe4 Ba6 21.
Qb3 c5 22. Rfd1 cxd4 23. exd4 Nf6 24. Bf3 Rfd8 25. Ne5 Bb7 26. Ra1 Bxf3 27.
Qxf3 Nd5 28. Ra6 Qf6 29. Qxf6 gxf6 30. Ng4 Rc2 31. Ra7 Kg7 32. Rd3 h5 33. Ne3
Nxe3 34. Rxe3 Rxd4 35. Rxe6 Rd1+ 36. Kh2 Rxf2 37. Ree7 Rdd2 38. Rxf7+ Kg6 39.
Rg7+ Kf5 40. Ra5+ Ke4 41. b3 Rd5 42. Ra4 Rb5 43. Rc7 Kd3 44. Ra6 Rd5 45. Rac6
Rd4 46. Kg1 Rf5 47. Rc4 Rff4 48. Rc1 h4 49. R7c6 Ke2 1/2-1/2

[Event "VL 2016/17"]
[Site "Mecklenburg/Vorpommern"]
[Date "2017.01.15"]
[Round "5.5"]
[White "Martensen, Helmut"]
[Black "Wecke, Thoralf"]
[Result "1/2-1/2"]
[WhiteElo "1905"]
[BlackElo "1849"]
[PlyCount "55"]
[EventType "team-tourn"]
[EventRounds "9"]
[SourceDate "2016.10.16"]
[WhiteTeam "VT Ludwigslust"]
[BlackTeam "Grevesmuehlen "]

1. e4 Nf6 2. Nc3 Nc6 3. d4 d5 4. e5 Nd7 5. Nxd5 Ndb8 6. Ne3 Qxd4 7. Qxd4 Nxd4
8. Ne2 Nbc6 9. Nxd4 Nxd4 10. c3 Ne6 11. Be2 Bd7 12. O-O Bc6 13. Nc4 b6 14. Be3
g5 15. a4 Rg8 16. b4 Nf4 17. Bxf4 gxf4 18. f3 e6 19. Rfd1 Bh6 20. Rd4 Ke7 21.
Nb2 Bb7 22. Kf2 Rgd8 23. Rad1 Rxd4 24. Rxd4 Rd8 25. Bd3 Bg7 26. Bxh7 Bxe5 27.
Rxd8 Kxd8 28. Nd1 1/2-1/2

[Event "VL 2016/17"]
[Site "Mecklenburg/Vorpommern"]
[Date "2017.01.15"]
[Round "5.6"]
[White "Haase, Sebastian"]
[Black "Hilpert, Andreas"]
[Result "1-0"]
[WhiteElo "1726"]
[BlackElo "1787"]
[PlyCount "85"]
[EventType "team-tourn"]
[EventRounds "9"]
[SourceDate "2016.10.16"]
[WhiteTeam "Grevesmuehlen "]
[BlackTeam "VT Ludwigslust"]

1. d4 d5 2. Bf4 e6 3. Nf3 Nf6 4. e3 Be7 5. c3 O-O 6. Bd3 b6 7. Nbd2 c5 8. Ne5
Bb7 9. Qe2 Nc6 10. h4 Nxe5 11. dxe5 Ne4 12. O-O-O Qc8 13. Nxe4 dxe4 14. Bc2 Rd8
15. Qg4 Rxd1+ 16. Rxd1 Qe8 17. Bh6 Bf8 18. Bg5 Kh8 19. h5 Qb5 20. h6 g6 21. Qf4
Kg8 22. Bxe4 Bxe4 23. Qxe4 Qe8 24. Qb7 b5 25. Rd7 Rb8 26. Qxa7 Ra8 27. Qb7 Rb8
28. Qc7 Rc8 29. Rd8 Qxd8 30. Qxd8 Rxd8 31. Bxd8 Bxh6 32. Be7 c4 33. Kc2 Bg7 34.
f4 h5 35. b3 f6 36. exf6 Bh6 37. bxc4 bxc4 38. a4 e5 39. fxe5 Kf7 40. Kd2 h4
41. a5 g5 42. a6 h3 43. gxh3 1-0

[Event "VL 2016/17"]
[Site "Mecklenburg/Vorpommern"]
[Date "2017.01.15"]
[Round "5.7"]
[White "Mitscherling, Reinhard"]
[Black "Wulff, Jens Peter"]
[Result "0-1"]
[WhiteElo "1783"]
[BlackElo "1581"]
[PlyCount "64"]
[EventType "team-tourn"]
[EventRounds "9"]
[SourceDate "2016.10.16"]
[WhiteTeam "VT Ludwigslust"]
[BlackTeam "Grevesmuehlen "]

1. d4 c6 2. c4 g6 3. Nc3 Bg7 4. Bf4 Qb6 5. Nf3 Qxb2 6. Rc1 Qb4 7. e3 Nh6 8. Bd3
d6 9. O-O Qa5 10. Qd2 Bg4 11. Ng5 e5 12. dxe5 dxe5 13. Bg3 Qd8 14. Nf3 Bxf3 15.
gxf3 Na6 16. Rfd1 O-O 17. Qb2 Qe7 18. e4 f5 19. exf5 gxf5 20. h3 Nc5 21. Qc2
Qg5 22. Kh1 Qh5 23. Kg2 Ne6 24. h4 Nd4 25. Qd2 Qxf3+ 26. Kg1 Qxg3+ 27. fxg3
Nf3+ 28. Kg2 Nxd2 29. Rxd2 Rad8 30. c5 Kh8 31. Nb1 Ng4 32. Re1 Bh6 0-1

[Event "VL 2016/17"]
[Site "Mecklenburg/Vorpommern"]
[Date "2017.01.15"]
[Round "5.8"]
[White "Franke, Wilfried"]
[Black "Emmrich, Olaf"]
[Result "1/2-1/2"]
[WhiteElo "1571"]
[BlackElo "1767"]
[PlyCount "33"]
[EventType "team-tourn"]
[EventRounds "9"]
[SourceDate "2016.10.16"]
[WhiteTeam "Grevesmuehlen "]
[BlackTeam "VT Ludwigslust"]

1. e4 c5 2. Nf3 Nc6 3. d4 cxd4 4. Nxd4 Nf6 5. Nc3 d6 6. Be2 g6 7. Be3 Bg7 8.
O-O h5 9. f3 Bd7 10. Qd2 a6 11. a4 Rc8 12. Kh1 Ne5 13. Nd5 Nxd5 14. exd5 Nc4
15. Bxc4 Rxc4 16. b3 Rc8 17. Rac1 1/2-1/2

[Event "VL 2016/17"]
[Site "Mecklenburg/Vorpommern"]
[Date "2017.01.15"]
[Round "5.1"]
[White "Schmekel, Florian"]
[Black "Ruesch, Hans Joachim"]
[Result "1/2-1/2"]
[WhiteElo "1959"]
[BlackElo "1962"]
[PlyCount "107"]
[EventType "team-tourn"]
[EventRounds "9"]
[SourceDate "2016.10.16"]
[WhiteTeam "SAV Torgelow"]
[BlackTeam "SF Ostsee Warnemünde"]

1. d4 g6 2. c4 Bg7 3. Nc3 d6 4. e4 Nf6 5. Be2 O-O 6. Bg5 c5 7. d5 b5 8. cxb5 a6
9. bxa6 Qa5 10. Bd2 Bxa6 11. Nf3 Nbd7 12. O-O Qb4 13. Bxa6 Rxa6 14. Qc2 Rb8 15.
Rab1 Ng4 16. b3 Qa5 17. Na4 Qb5 18. Bc3 Nge5 19. Nxe5 Nxe5 20. f4 Qd3 21. Qxd3
Nxd3 22. Bxg7 Kxg7 23. Nc3 e6 24. Rbd1 Nb4 25. Rd2 exd5 26. exd5 Rc8 27. Nb5
Rxa2 28. Rxa2 Nxa2 29. f5 Rb8 30. Nxd6 Rd8 31. f6+ Kf8 32. Nb7 Rd7 33. Nxc5
Rxd5 34. Nb7 Nc3 35. Ra1 Rd1+ 36. Rxd1 Nxd1 37. Nd6 Ne3 38. Ne4 Ke8 39. Kf2 Nd5
40. g4 h6 41. h4 Kd7 42. g5 hxg5 43. hxg5 Ke6 44. Ke2 Ke5 45. Nd2 Kd4 46. Nc4
Nf4+ 47. Kf3 Ne6 48. Kg4 Kd5 49. Nb6+ Kc6 50. Nc8 Kc5 51. Kh4 Kb4 52. Kg4 Kxb3
53. Nd6 Nd8 54. Kf4 1/2-1/2

[Event "VL 2016/17"]
[Site "Mecklenburg/Vorpommern"]
[Date "2017.01.15"]
[Round "5.2"]
[White "Schumacher, Dirk"]
[Black "Zentgraf, Robert"]
[Result "1/2-1/2"]
[WhiteElo "1971"]
[BlackElo "2099"]
[PlyCount "116"]
[EventType "team-tourn"]
[EventRounds "9"]
[SourceDate "2016.10.16"]
[WhiteTeam "SF Ostsee Warnemünde"]
[BlackTeam "SAV Torgelow"]

1. e4 c5 2. Nf3 Nc6 3. d4 cxd4 4. Nxd4 g6 5. Nc3 Bg7 6. Be3 Nf6 7. Be2 d6 8.
Qd2 O-O 9. h4 d5 10. exd5 Nxd5 11. Nxd5 Nxd4 12. Bxd4 Qxd5 13. Bxg7 Qxd2+ 14.
Kxd2 Rd8+ 15. Ke3 Kxg7 16. Rhd1 Bf5 17. Rxd8 Rxd8 18. Rd1 Rc8 19. c3 e5 20. Bf3
Rc7 21. Rd8 Kf6 22. g4 Be6 23. g5+ Ke7 24. Rh8 Bxa2 25. Rxh7 Be6 26. h5 gxh5
27. Bxh5 Kd6 28. f3 b6 29. Kf2 Rd7 30. Kg3 Kd5 31. Bg4 Bxg4 32. fxg4 Ke6 33.
Kf3 Rd2 34. Rh6+ Ke7 35. g6 fxg6 36. Rxg6 Rxb2 37. Rg7+ Ke6 38. Rxa7 Rb3 39.
Rc7 Kd6 40. Rc8 Kd7 41. Rh8 Rxc3+ 42. Ke4 Rc4+ 43. Kxe5 Rxg4 44. Kd5 Rg5+ 45.
Kc4 Kc6 46. Rh6+ Kb7 47. Kb4 Ka6 48. Rh4 Rg1 49. Rh5 Rg4+ 50. Kb3 b5 51. Rh8
Rg1 52. Ra8+ Kb7 53. Rh8 Rb1+ 54. Kc2 Rb4 55. Kc3 Rc4+ 56. Kb3 Rg4 57. Rh6 Rc4
58. Rg6 Rc6 1/2-1/2

[Event "VL 2016/17"]
[Site "Mecklenburg/Vorpommern"]
[Date "2017.01.15"]
[Round "5.3"]
[White "Ehlers, Michael"]
[Black "Hamann, Dirk"]
[Result "1/2-1/2"]
[WhiteElo "1881"]
[BlackElo "1879"]
[PlyCount "46"]
[EventType "team-tourn"]
[EventRounds "9"]
[SourceDate "2016.10.16"]
[WhiteTeam "SAV Torgelow"]
[BlackTeam "SF Ostsee Warnemünde"]

1. d4 Nf6 2. Nf3 g6 3. g3 Bg7 4. Bg2 O-O 5. O-O d6 6. c4 Re8 7. Nc3 Nbd7 8. Qc2
e5 9. e3 exd4 10. exd4 Nf8 11. h3 Be6 12. c5 c6 13. Bf4 d5 14. Rfe1 Qc8 15. Kh2
h5 16. Qd2 Bf5 17. Ne5 Ne6 18. Re2 Nxf4 19. Qxf4 Nd7 20. Nxf7 Kxf7 21. g4 hxg4
22. hxg4 Qb8 23. Qxb8 Raxb8 1/2-1/2

[Event "VL 2016/17"]
[Site "Mecklenburg/Vorpommern"]
[Date "2017.01.15"]
[Round "5.4"]
[White "Schmidt, Reinhard"]
[Black "Bauer, Norbert"]
[Result "0-1"]
[WhiteElo "1786"]
[BlackElo "1965"]
[PlyCount "80"]
[EventType "team-tourn"]
[EventRounds "9"]
[SourceDate "2016.10.16"]
[WhiteTeam "SF Ostsee Warnemünde"]
[BlackTeam "SAV Torgelow"]

1. e4 c5 2. Nf3 Nc6 3. d4 cxd4 4. Nxd4 Nf6 5. Nc3 e5 6. Ndb5 d6 7. Bg5 a6 8.
Na3 b5 9. Bxf6 gxf6 10. Nd5 f5 11. Bd3 Be6 12. c3 Bg7 13. Nc2 O-O 14. h4 f4 15.
a4 bxa4 16. Rxa4 a5 17. Bb5 Ne7 18. Bc4 Nc6 19. Qa1 Kh8 20. Qa2 f5 21. h5 Bh6
22. b4 Qg5 23. Rg1 fxe4 24. b5 e3 25. Ndxe3 fxe3 26. Nxe3 Bxc4 27. Rxc4 Ne7 28.
b6 d5 29. Rc7 d4 30. Nd1 Nd5 31. Rb7 Nxc3 32. Nxc3 dxc3 33. Qc2 Qd2+ 34. Qxd2
cxd2+ 35. Ke2 Rab8 36. Ra7 Rxb6 37. Rxa5 e4 38. Re5 Rbf6 39. Rxe4 Rxf2+ 40. Kd3
Rf1 0-1

[Event "VL 2016/17"]
[Site "Mecklenburg/Vorpommern"]
[Date "2017.01.15"]
[Round "5.5"]
[White "Onasch, Paul"]
[Black "Boecking, Uwe"]
[Result "1/2-1/2"]
[WhiteElo "1943"]
[BlackElo "1724"]
[PlyCount "73"]
[EventType "team-tourn"]
[EventRounds "9"]
[SourceDate "2016.10.16"]
[WhiteTeam "SAV Torgelow"]
[BlackTeam "SF Ostsee Warnemünde"]

1. d4 Nf6 2. Nf3 d5 3. e3 e6 4. Bd3 Be7 5. Nbd2 Nbd7 6. O-O c5 7. c3 O-O 8. e4
dxe4 9. Nxe4 cxd4 10. Nxd4 Nc5 11. Nxc5 Bxc5 12. Nb3 Be7 13. Qe2 Qc7 14. Bg5 b6
15. Nd4 Bb7 16. Rfe1 Qd7 17. Bc4 Nd5 18. Bxe7 Qxe7 19. Qe5 Qc7 20. Qxc7 Nxc7
21. Rad1 Rfd8 22. Nb5 Nxb5 23. Bxb5 Kf8 24. f3 Ke7 25. Kf2 Rxd1 26. Rxd1 Rd8
27. Rxd8 Kxd8 28. Ke3 Ke7 29. c4 e5 30. b4 Kd6 31. Ba4 f5 32. Bc2 Bc8 33. Bd3
g6 34. a3 Bb7 35. Bc2 Bc6 36. g3 Bd7 37. Bd3 1/2-1/2

[Event "VL 2016/17"]
[Site "Mecklenburg/Vorpommern"]
[Date "2017.01.15"]
[Round "5.6"]
[White "Herholz, Holger"]
[Black "Lehmann, Ruben"]
[Result "0-1"]
[WhiteElo "1776"]
[BlackElo "1940"]
[PlyCount "48"]
[EventType "team-tourn"]
[EventRounds "9"]
[SourceDate "2016.10.16"]
[WhiteTeam "SF Ostsee Warnemünde"]
[BlackTeam "SAV Torgelow"]

1. d4 d5 2. c4 e6 3. e3 c6 4. Nc3 Nf6 5. Nf3 Nbd7 6. Be2 dxc4 7. Bxc4 b5 8. Bd3
a6 9. O-O c5 10. dxc5 Bxc5 11. a3 O-O 12. b4 Be7 13. Bb2 Bb7 14. Qe2 Rc8 15.
Rfd1 Qb6 16. Rac1 Bxf3 17. Qxf3 Ne5 18. Qe2 Nc4 19. Ne4 Nxe4 20. Bxe4 a5 21.
Rxc4 bxc4 22. Rd7 c3 23. Rxe7 cxb2 24. Qxb2 Qd6 0-1

[Event "VL 2016/17"]
[Site "Mecklenburg/Vorpommern"]
[Date "2017.01.15"]
[Round "5.7"]
[White "Troemer, Felix"]
[Black "Staben, Norbert"]
[Result "0-1"]
[WhiteElo "1632"]
[BlackElo "1689"]
[PlyCount "72"]
[EventType "team-tourn"]
[EventRounds "9"]
[SourceDate "2016.10.16"]
[WhiteTeam "SAV Torgelow"]
[BlackTeam "SF Ostsee Warnemünde"]

1. e4 c5 2. Nf3 Nc6 3. d4 cxd4 4. Nxd4 d6 5. Nc3 Nf6 6. Be3 g6 7. Bc4 Bg7 8. f3
O-O 9. Bb3 a6 10. a4 Bd7 11. Qd2 Qa5 12. O-O Rfc8 13. Qf2 Ne5 14. Nd5 Nxd5 15.
Bxd5 Qc7 16. Bb3 Nc4 17. c3 Nxe3 18. Qxe3 e6 19. Rfd1 Qb6 20. Ra3 Bf8 21. Nc2
Qc7 22. Kh1 d5 23. Raa1 dxe4 24. Qxe4 Bc6 25. Qe3 Rd8 26. Qe2 Qb6 27. Nd4 Rxd4
28. Rxd4 Qxb3 29. a5 Qb5 30. Qd2 Be7 31. b4 Bd5 32. Rb1 Rc8 33. Rd1 Bf6 34. Rd3
Qc4 35. Rc1 Bg5 36. Qxg5 Qxd3 0-1

[Event "VL 2016/17"]
[Site "Mecklenburg/Vorpommern"]
[Date "2017.01.15"]
[Round "5.8"]
[White "Vladov, Mark"]
[Black "Massloch, Philipp"]
[Result "1-0"]
[WhiteElo "1619"]
[BlackElo "1660"]
[PlyCount "67"]
[EventType "team-tourn"]
[EventRounds "9"]
[SourceDate "2016.10.16"]
[WhiteTeam "SF Ostsee Warnemünde"]
[BlackTeam "SAV Torgelow"]

1. c4 e5 2. Nc3 Nc6 3. g3 f5 4. Bg2 Nf6 5. e3 Bb4 6. Nge2 Bxc3 7. Nxc3 O-O 8.
O-O d6 9. d4 Qe8 10. a3 a5 11. Rb1 Rb8 12. b4 axb4 13. axb4 b6 14. Re1 Bb7 15.
Nb5 Qf7 16. d5 Nd8 17. Ra1 Ne8 18. Ra7 Ra8 19. Rxa8 Bxa8 20. Qa4 Bb7 21. Nc3
Nf6 22. Rd1 Ne4 23. Nxe4 fxe4 24. Qc2 b5 25. Bxe4 bxc4 26. Bxh7+ Kh8 27. Bg6
Qf6 28. Be4 c6 29. Qe2 Qf7 30. dxc6 Bxc6 31. Bxc6 Nxc6 32. b5 Nb4 33. Ba3 Nd3
34. Bxd6 {ZÜ} 1-0